Pokémon Generation 3 - Hoenn Pokédex - Statistics

General Stats
  • This quiz has been taken 201 times
  • The average score is 93 of 135
Answer Stats
Hint Answer % Correct
252 Treecko
97%
258 Mudkip
96%
255 Torchic
96%
254 Sceptile
93%
257 Blaziken
91%
253 Grovyle
91%
260 Swampert
91%
259 Marshtomp
89%
256 Combusken
88%
382 Kyogre
88%
384 Rayquaza
87%
383 Groudon
86%
378 Regice
86%
386 Deoxys
85%
377 Regirock
85%
262 Mightyena
84%
261 Poochyena
84%
379 Registeel
84%
263 Zigzagoon
84%
380 Latias
82%
381 Latios
82%
373 Salamence
82%
264 Linoone
79%
376 Metagross
79%
277 Swellow
79%
276 Taillow
79%
265 Wurmple
79%
371 Bagon
78%
309 Electrike
78%
282 Gardevoir
78%
385 Jirachi
78%
310 Manectric
78%
375 Metang
78%
280 Ralts
78%
323 Camerupt
77%
268 Cascoon
77%
281 Kirlia
77%
267 Beautifly
76%
269 Dustox
75%
272 Ludicolo
75%
266 Silcoon
75%
289 Slaking
75%
374 Beldum
74%
322 Numel
74%
372 Shelgon
74%
287 Slakoth
74%
334 Altaria
73%
270 Lotad
73%
279 Pelipper
73%
306 Aggron
72%
304 Aron
72%
286 Breloom
72%
330 Flygon
72%
271 Lombre
72%
337 Lunatone
72%
296 Makuhita
72%
274 Nuzleaf
72%
302 Sableye
72%
273 Seedot
72%
275 Shiftry
72%
338 Solrock
72%
333 Swablu
72%
299 Nosepass
71%
288 Vigoroth
71%
278 Wingull
71%
312 Minun
70%
285 Shroomish
70%
335 Zangoose
70%
354 Banette
69%
297 Hariyama
69%
311 Plusle
69%
327 Spinda
69%
328 Trapinch
69%
336 Seviper
68%
357 Tropius
68%
356 Dusclops
67%
355 Duskull
67%
353 Shuppet
67%
324 Torkoal
67%
321 Wailord
67%
295 Exploud
66%
294 Loudred
66%
329 Vibrava
66%
320 Wailmer
65%
365 Walrein
65%
363 Spheal
64%
305 Lairon
63%
350 Milotic
63%
319 Sharpedo
63%
293 Whismur
63%
359 Absol
62%
366 Clamperl
62%
349 Feebas
62%
364 Sealeo
62%
351 Castform
61%
308 Medicham
61%
368 Gorebyss
60%
352 Kecleon
60%
348 Armaldo
59%
331 Cacnea
59%
332 Cacturne
59%
301 Delcatty
59%
367 Huntail
59%
303 Mawile
59%
307 Meditite
59%
291 Ninjask
59%
300 Skitty
59%
369 Relicanth
58%
292 Shedinja
58%
290 Nincada
57%
318 Carvanha
56%
370 Luvdisc
56%
347 Anorith
54%
362 Glalie
53%
316 Gulpin
53%
345 Lileep
53%
315 Roselia
53%
283 Surskit
53%
317 Swalot
53%
343 Baltoy
51%
346 Cradily
51%
361 Snorunt
51%
344 Claydol
50%
314 Illumise
50%
284 Masquerain
50%
325 Spoink
50%
313 Volbeat
50%
340 Whiscash
50%
358 Chimecho
49%
298 Azurill
47%
339 Barboach
47%
326 Grumpig
47%
341 Corphish
45%
360 Wynaut
42%
342 Crawdaunt
41%
No matching quizzes found
Score Distribution
Percent of People with Each Score
Percentile by Number Answered
Your Score History
You have not taken this quiz